000
00250nam a2200109Ia 4500
008
220204s9999 xx 000 0 und d
082
_a
741.0(026)
_b
MYR
245
0
_a
Drawing
260
_a
London
_b
Usborne
_c
1981
700
_a
Myring, Lynn
942
_c
BK
999
_c
38425
_d
38425